Statistiques concernant Culture Générale - Série 686

Cliquez ici pour prendre le quiz!

Statistiques générales

  • Ce quiz a été pris 48 fois
  • Le résultat moyen est 6 sur 10

Statistiques - réponses

Question Réponse % Correct
Sur quel continent les héros du film "Les Bronzés" passent-ils leurs vacances ?Afrique
91%
Dans quelle série télévisée a-t-on découvert George Clooney dans le rôle du docteur Ross ?Urgences
89%
De quelle ville des Bouches-du-Rhône le calisson est une spécialité culinaire ?Aix-en-Provence
85%
Quelle graminée concasse-t-on pour faire du boulgour ?blé
80%
Complétez ce titre d'une aventure de Tintin : "L'Oreille...cassée
80%
Quel album de Claude Nougaro, sorti en 1987, célèbre la rencontre entre l'artiste et la ville de New York ?Nougayork
63%
De quel pays africain l'île de Gorée fait-elle partie ?Sénégal
54%
En 1982, quel groupe interprète le tube "Chacun fait c'qui lui plaît" ?Chagrin d'amour
24%
De quel État d'Australie la ville de Brisbane est-elle la capitale ?Queensland
15%
Quel homme politique est ministre de la Justice pendant les Cent-Jours ?Cambacérès
2%

Distribution des résultats

Percentile par nombre de réponses

% des personnes avec chaque résultat

Votre développement - résultats

Vous n’avez pas pris ce quiz